000 00737nam a2200229Ia 4500
003 OSt
005 20220923221748.0
006 a|||||r|||| 00| 0
007 ta
008 220922b |||||||| |||| 00| 0 hin d
024 _a199,890
037 _cTextual
040 _aARTS
_cARTS
_bhin
041 _2hin
_ahin
082 _aQ23:2291:9, 152L2
100 _aभारतीय जितेन्द्र तत्व
245 0 _aशिवपुराण में शैव दर्शन तत्व
246 _aShivapurāṇ mean shaiv darshan tatva
260 _c1976
942 _hQ23:2291:9, 152L2
_cTEXL
_2CC
999 _c351592
_d351592